| 000 | 01445nam a2200241Ia 4500 | ||
|---|---|---|---|
| 003 | Ost | ||
| 005 | 20260416102351.0 | ||
| 008 | 260416s9999||||xx |||||||||||||| ||und|| | ||
| 040 | _cfsecg | ||
| 041 | _aara | ||
| 082 | _a350.722 | ||
| 100 |
_aعداش، ايمان _eمؤلف |
||
| 245 | 0 |
_aالعلاقة بين العجز الخارجي والعجز الداخلي : _bالعجز التوأم (عجز الميزانية العامة للدولة وميزان المدفوعات) -دراسة حالة الجزائر(2013-2015)- / _c ايمان عداش |
|
| 260 |
_aالجزائر _bجامعة الجزائر3: كلية العلوم الإقتصادية، العلوم التجارية وعلوم التسيير _c2016 |
||
| 300 |
_a92 ورقة _bايضاحات _c30 سم |
||
| 504 | _aمراجع ص.83؛ ملاحق ص.86 | ||
| 520 | _aعجز ميزان المدفوعات وعجز الموازنة العامة للدولة، العلاقة بين العجز الداخلي والعجز الخارجي"العجز التوأم"، دراسة حالة عجز ميزان المدفوعات وميزانية الدولة-مصلحة الميزانية | ||
| 653 | _aالدولة | ||
| 653 | _aالميزانية | ||
| 653 | _aميزان المدفوعات | ||
| 710 |
_aجامعة الجزائر3: كلية العلوم الإقتصادية، العلوم التجارية وعلوم التسيير _eناشر علمي |
||
| 942 | _cHANDOUT | ||
| 999 |
_c41004 _d41004 |
||